000 00310nam a22001457a 4500
008 230404b ||||| |||| 00| 0 eng d
020 _a9780520042124
041 _aeng
080 _a7
082 _a7SIE
100 _a20
101 _aART
245 _aTHE SHAPES OF CHANGE
_cSIEGEL .B.M
942 _2udc
_cBK
999 _c59504
_d59504